000
00300nam a2200121Ia 4500
008
210716s9999 xx 000 0 und d
041
_a
eng
082
_a
004 ACTI
100
_a
ACT
245
_a
Reference manual.
260
_b
Merriam Webster Inc
650
_a
Data processing, Computer science(004)
999
_c
180627
_d
180627